000 00556nam a2200157 4500
008 170323b xxu||||| |||| 00| 0 eng d
022 _a01153544
082 _aDPer 338.05 En86 Apr-Jul 2015 v. 15, n. 158-161
100 _919510
_aOng, Henry
245 _aKnow your customer:
_bassess your customer before letting them buy on credit/
_cHenry Ong.
260 _aPhilippines:
_bSummit Media,
_cApr-Jul 2015.
300 _av15 n160, page 30:
_billustrations,
_c28 cm.
500 _aEntrepreneur.
650 0 _919515
_aCustomer services
942 _2ddc
_cPER
999 _c6443
_d6443